000 nam a22 7a 4500
999 _c53052
_d53052
003 OSt
005 20220714114427.0
008 220714b xxu||||| |||| 00| 0 eng d
040 _cIIMT UNIVERSITY MEERUT
100 _aGOYAL, B.K.
245 _aMECHANICAL ENGINEERING DRAWING -23rd
260 _bBHARAT BHARTI
300 _a220
942 _2ddc
_c09